000 00527nmm a2200169Ia 4500
008 251105s9999||||xx |||||||||||||||||und||
020 _a9788475228747
041 _aspa
100 _aScarano, Laura
245 0 _aLas palabras preguntan por su casa: la poesía de Luis García Montero
264 _a[Madrid, España] :
_bVisor Libros,
_c2004
300 _a250 páginas
490 _aBiblioteca Filológica Hispana
650 _aSpanish literature
856 _uhttps://public.digitaliapublishing.com/a/24164
942 _cCF
999 _c85045
_d85045